000 00350nam a2200157Ia 4500
003 0STCL
008 150530s9999 xx 000 0 und d
040 _aSTCL
_cSTCL
100 _aNathaniel Hawthrone
245 _aHouse of the seven gables
260 _c1965
546 _aEnglish
942 _2ddc
_cBK
999 _c67908
_d67908
005 20220125171351.0